[Event "Brazil AXPG op 1st"]
[Site "Ponta Grossa"]
[Date "2017.10.29"]
[Round "7"]
[White "Goncalves, Jorge Roberto"]
[Black "Da Silva, Anderson Lemes"]
[Result "1-0"]
[WhiteElo "1982"]
[BlackElo "1508"]
[PlyCount "41"]
[EventDate "2017.10.26"]
[EventType "swiss"]
[EventRounds "7"]
[EventCountry "BRA"]
[SourceTitle "CBM 181 Extra"]
[Source "ChessBase"]
[SourceDate "2017.12.12"]
[SourceVersion "1"]
[SourceVersionDate "2017.12.12"]
[SourceQuality "1"]

1. d4 Nf6 2. e3 e6 3. Bd3 Be7 4. f4 d5 5. Nd2 c5 6. c3 Nc6 7. Ngf3 c4 8. Bc2 b5 9. Ne5 Bd7 10. 0-0 0-0 11. Rf3 Ne8 12. Bxh7+ Kh8 13. Rh3 g6 14. Bxg6+ Kg7 15. Bxf7 Nf6 16. Rg3+ Kh8 17. Qf3 Nxe5 18. fxe5 Nh7 19. Rh3 Be8 20. Rxh7+ Kxh7 21. Qh5+ 1-0

[Event "Sao Paulo CC Fox op"]
[Site "Sao Paulo"]
[Date "2016.10.07"]
[Round "2"]
[White "Ishikawa, Emilio Keiji"]
[Black "Goncalves, Jorge Roberto"]
[Result "1-0"]
[WhiteElo "1715"]
[BlackElo "2011"]
[PlyCount "83"]
[EventDate "2016.10.07"]
[EventType "swiss"]
[EventRounds "6"]
[EventCountry "BRA"]
[SourceTitle "EXT 2018"]
[Source "ChessBase"]
[SourceDate "2017.10.13"]
[SourceVersion "1"]
[SourceVersionDate "2017.10.13"]
[SourceQuality "1"]

1. e4 c5 2. c3 Nf6 3. Bd3 Nc6 4. Qe2 d6 5. h3 g6 6. Bc2 Bg7 7. d3 0-0 8. Be3 b6 9. Nf3 Ba6 10. Qd2 Qc7 11. Na3 d5 12. Bf4 e5 13. Bh6 dxe4 14. Bxg7 Kxg7 15. dxe4 Rad8 16. Qe3 Rd7 17. Nd2 Rfd8 18. 0-0-0 Na5 19. Nb3 Nb7 20. c4 Nd6 21. Bd3 Bb7 22. f3 a6 23. Bc2 Nh5 24. Qf2 Nf4 25. g3 Ne6 26. h4 Nd4 27. Nxd4 cxd4 28. Qe2 Rc8 29. h5 Nxc4 30. hxg6 fxg6 31. Qh2 Kh8 32. Nxc4 Qxc4 33. Kb1 Rdc7 34. Bb3 Qc5 35. Qh6 Qf8 36. Qg5 Qg7 37. a3 Rf8 38. Ka2 Qf6 39. Qh6 Qg7 40. Qh4 Rxf3 41. Qd8+ Rf8 42. Rxh7+ 1-0

[Event "Sao Paulo Freitas Memorial"]
[Site "Sao Paulo"]
[Date "2015.10.10"]
[Round "1"]
[White "Kikuchi Cadilhac, Mariana Sawae"]
[Black "Goncalves, Jorge Roberto"]
[Result "0-1"]
[WhiteElo "1444"]
[BlackElo "2017"]
[PlyCount "88"]
[EventDate "2015.10.10"]
[EventType "swiss"]
[EventRounds "6"]
[EventCountry "BRA"]
[SourceTitle "CBM 168 Extra"]
[Source "ChessBase"]
[SourceDate "2015.10.29"]
[SourceVersion "1"]
[SourceVersionDate "2015.10.29"]
[SourceQuality "1"]

1. e4 c5 2. Nc3 d6 3. g3 h5 4. f4 Nf6 5. d3 Nc6 6. Bg2 h4 7. Nf3 hxg3 8. hxg3 Rxh1+ 9. Bxh1 Bg4 10. Be3 Qa5 11. Qd2 g6 12. Nd5 Nb4 13. Bf2 Nfxd5 14. exd5 Qa4 15. b3 Qa3 16. c4 Bg7 17. d4 Bxf3 18. Bxf3 0-0-0 19. Rb1 cxd4 20. Bxd4 Bxd4 21. Qxd4 Qxa2 22. Rb2 Qxb2 23. Qxb2 Nd3+ 24. Ke2 Nxb2 25. Bg4+ Kc7 26. Kd2 Rh8 27. Kc3 Rh2 28. Bf3 a5 29. g4 Rh3 30. Kxb2 Rxf3 31. Ka3 Rxf4 32. Ka4 b6 33. g5 Rg4 34. Kb5 Rxg5 35. b4 axb4 36. Kxb4 Re5 37. Kc3 b5 38. Kb4 bxc4 39. Kxc4 Kb6 40. Kd4 Kb5 41. Kd3 Kc5 42. Kd2 Kd4 43. Kd1 Kc3 44. Kc1 Re1# 0-1

[Event "Cordeiropolis Freitas Levy Memorial"]
[Site "Cordeiropolis"]
[Date "2015.05.23"]
[Round "3"]
[White "Pires, Marcos Vinicius Tor"]
[Black "Goncalves, Jorge Roberto"]
[Result "1-0"]
[WhiteElo "2267"]
[BlackElo "2016"]
[PlyCount "61"]
[EventDate "2015.05.22"]
[EventType "swiss"]
[EventRounds "6"]
[EventCountry "BRA"]
[SourceTitle "CBM 166 Extra"]
[Source "ChessBase"]
[SourceDate "2015.06.18"]
[SourceVersion "1"]
[SourceVersionDate "2015.06.18"]
[SourceQuality "1"]

1. Nf3 Nf6 2. c4 e6 3. g3 d5 4. d4 Be7 5. Bg2 0-0 6. 0-0 Nbd7 7. Qc2 dxc4 8. Qxc4 Nb6 9. Qc2 Nbd7 10. Rd1 c6 11. Nbd2 Nb6 12. e4 Bd7 13. Nb3 h6 14. Bd2 Na4 15. Na5 b5 16. b3 Nb6 17. e5 Nfd5 18. Nxc6 Bxc6 19. Qxc6 a6 20. Ba5 Rc8 21. Qb7 Qd7 22. Qxd7 Nxd7 23. Ne1 Nc3 24. Rd3 Ne2+ 25. Kf1 Rc1 26. Rxc1 Nxc1 27. Rd2 Ba3 28. Rc2 b4 29. Rc7 Nb8 30. Nc2 Nxa2 31. Nxa3 1-0

[Event "Cordeiropolis Freitas Levy Memorial"]
[Site "Cordeiropolis"]
[Date "2015.05.22"]
[Round "1"]
[White "Goncalves, Jorge Roberto"]
[Black "Camargo, Bonamigo Maisa"]
[Result "1-0"]
[WhiteElo "2016"]
[BlackElo "1776"]
[PlyCount "57"]
[EventDate "2015.05.22"]
[EventType "swiss"]
[EventRounds "6"]
[EventCountry "BRA"]
[SourceTitle "CBM 166 Extra"]
[Source "ChessBase"]
[SourceDate "2015.06.18"]
[SourceVersion "1"]
[SourceVersionDate "2015.06.18"]
[SourceQuality "1"]

1. d4 d5 2. Bf4 Nf6 3. Nf3 g6 4. e3 Bg7 5. Nc3 Nc6 6. Nb5 0-0 7. Nxc7 Bf5 8. Nxa8 Qxa8 9. Bd3 Qc8 10. Ne5 Nb4 11. 0-0 Re8 12. a3 Nxd3 13. cxd3 Ng4 14. Nxg4 Bxg4 15. f3 Bf5 16. g4 Bd7 17. Qd2 h6 18. Rac1 Qd8 19. Bc7 Qa8 20. Bg3 h5 21. gxh5 Bh3 22. hxg6 fxg6 23. Rc7 Bxf1 24. Kxf1 Bh6 25. Ke2 b5 26. Qa5 Qb8 27. Rc6 e6 28. Bxb8 Rxb8 29. Rxe6 1-0

[Event "Pocos de Caldas op"]
[Site "Pocos de Caldas"]
[Date "2015.03.15"]
[Round "5"]
[White "Frois, Vitor Amorim"]
[Black "Goncalves, Jorge Roberto"]
[Result "1-0"]
[WhiteElo "1713"]
[BlackElo "2044"]
[PlyCount "80"]
[EventDate "2015.03.13"]
[EventType "swiss"]
[EventRounds "6"]
[EventCountry "BRA"]
[SourceTitle "CBM 165 Extra"]
[Source "ChessBase"]
[SourceDate "2015.04.21"]
[SourceVersion "1"]
[SourceVersionDate "2015.04.21"]
[SourceQuality "1"]

1. e4 c5 2. Nf3 d6 3. d4 cxd4 4. Nxd4 Nf6 5. Nc3 a6 6. f3 e5 7. Nb3 Be6 8. Be3 b5 9. Qd2 Be7 10. g4 h6 11. 0-0-0 b4 12. Nd5 Bxd5 13. exd5 a5 14. Bb5+ Nbd7 15. Bc6 a4 16. Na1 0-0 17. Qxb4 Nc5 18. c4 Nfd7 19. Nc2 Rb8 20. Bb5 Bg5 21. Qd2 e4 22. Bxg5 hxg5 23. fxe4 Nxe4 24. Qg2 Ndc5 25. Rhe1 Nf6 26. Nd4 Qc7 27. Re3 Nfd7 28. Nc6 Rfe8 29. Ne7+ Rxe7 30. Rxe7 Rxb5 31. Re8+ Nf8 32. cxb5 a3 33. Kb1 axb2 34. Qc2 Qd7 35. Rde1 g6 36. Qxb2 Nce6 37. dxe6 Qxe8 38. e7 Ne6 39. b6 Qb8 40. Qb5 Kg7 1-0

[Event "Pocos de Caldas op"]
[Site "Pocos de Caldas"]
[Date "2015.03.14"]
[Round "4"]
[White "Goncalves, Jorge Roberto"]
[Black "Penha, Evelyn Maximiano"]
[Result "1-0"]
[WhiteElo "2044"]
[BlackElo "1655"]
[PlyCount "39"]
[EventDate "2015.03.13"]
[EventType "swiss"]
[EventRounds "6"]
[EventCountry "BRA"]
[SourceTitle "CBM 165 Extra"]
[Source "ChessBase"]
[SourceDate "2015.04.21"]
[SourceVersion "1"]
[SourceVersionDate "2015.04.21"]
[SourceQuality "1"]

1. d4 Nf6 2. Bf4 g6 3. e3 Bg7 4. Be2 0-0 5. h4 d6 6. h5 Nd5 7. hxg6 hxg6 8. Bg5 Nf6 9. Nc3 d5 10. Nf3 c6 11. Ne5 Nbd7 12. Qd3 Nxe5 13. dxe5 Bf5 14. Qd4 Ne4 15. Nxe4 Bxe4 16. f3 Bxc2 17. Qh4 f6 18. e6 Re8 19. Qh7+ Kf8 20. Bh6 1-0

[Event "Pocos de Caldas op"]
[Site "Pocos de Caldas"]
[Date "2015.03.13"]
[Round "2"]
[White "Goncalves, Jorge Roberto"]
[Black "Supi, Luis Paulo"]
[Result "0-1"]
[WhiteElo "2044"]
[BlackElo "2415"]
[PlyCount "128"]
[EventDate "2015.03.13"]
[EventType "swiss"]
[EventRounds "6"]
[EventCountry "BRA"]
[SourceTitle "CBM 165 Extra"]
[Source "ChessBase"]
[SourceDate "2015.04.21"]
[SourceVersion "1"]
[SourceVersionDate "2015.04.21"]
[SourceQuality "1"]

1. d4 Nf6 2. Bf4 e6 3. e3 b6 4. Nf3 Bb7 5. Be2 Be7 6. 0-0 Nh5 7. Bg3 0-0 8. Nbd2 f5 9. c4 d6 10. Ne1 Nxg3 11. hxg3 e5 12. Nd3 Nd7 13. Rc1 c5 14. Nb1 cxd4 15. exd4 Bg5 16. f4 Bf6 17. dxe5 dxe5 18. c5 Nxc5 19. Nxc5 bxc5 20. Qb3+ Bd5 21. Bc4 Bxc4 22. Qxc4+ Kh8 23. Rcd1 Qb6 24. Nc3 e4 25. Nd5 Qxb2 26. Nxf6 Qxf6 27. Qxc5 Rfc8 28. Qa5 Qb6+ 29. Qxb6 axb6 30. Rf2 Rc3 31. Rfd2 h6 32. Rd8+ Rxd8 33. Rxd8+ Kh7 34. Kh2 Kg6 35. Rd6+ Kh5 36. Rxb6 g5 37. Rf6 Kg4 38. Rxh6 gxf4 39. Rh4+ Kg5 40. Rxf4 Rc2 41. Rf1 Rxa2 42. Rb1 Ra6 43. Rb8 Ra1 44. Re8 Re1 45. Re6 Rf1 46. Re8 Re1 47. Re6 e3 48. Re8 Kf6 49. Rf8+ Ke5 50. Re8+ Kd4 51. Rd8+ Ke4 52. Re8+ Kd3 53. Rd8+ Ke2 54. Rd5 Rf1 55. Ra5 Ke1 56. Re5 e2 57. Rd5 Kf2 58. Rxf5+ Ke3 59. Re5+ Kd3 60. g4 e1Q 61. Rxe1 Rxe1 62. Kg3 Ke4 63. Kh4 Rg1 64. g3 Rg2 0-1

[Event "Mogi das Cruzes op 09"]
[Site "Mogi das Cruzes"]
[Date "2013.09.28"]
[Round "5"]
[White "Alboredo, Julia"]
[Black "Goncalves, Jorge Roberto"]
[Result "1/2-1/2"]
[WhiteElo "1821"]
[BlackElo "2059"]
[PlyCount "38"]
[EventDate "2013.09.26"]
[EventType "swiss"]
[EventRounds "7"]
[EventCountry "BRA"]
[SourceTitle "CBM 156 Extra"]
[Source "ChessBase"]
[SourceDate "2013.10.22"]
[SourceVersion "1"]
[SourceVersionDate "2013.10.22"]
[SourceQuality "1"]

1. e4 c5 2. Nf3 d6 3. d4 cxd4 4. Qxd4 e5 5. Qe3 Be7 6. Bc4 Nf6 7. Nc3 0-0 8. 0-0 Nc6 9. Rd1 Bg4 10. Ne2 Rc8 11. Bd3 Qc7 12. h3 Bxf3 13. Qxf3 Nb4 14. c3 Nxd3 15. Rxd3 d5 16. Ng3 dxe4 17. Nxe4 Nxe4 18. Qxe4 Rcd8 19. Rxd8 Rxd8 1/2-1/2

[Event "Sao Jose dos Campos op"]
[Site "Sao Jose dos Campos"]
[Date "2012.12.01"]
[Round "4"]
[White "Alboredo, Julia"]
[Black "Goncalves, Jorge Roberto"]
[Result "0-1"]
[WhiteElo "1791"]
[BlackElo "2064"]
[PlyCount "72"]
[EventDate "2012.11.29"]
[EventType "swiss"]
[EventRounds "7"]
[EventCountry "BRA"]
[SourceTitle "EXT 2014"]
[Source "ChessBase"]
[SourceDate "2013.11.20"]
[SourceVersion "1"]
[SourceVersionDate "2013.11.20"]
[SourceQuality "1"]

1. e4 c5 2. Nf3 b6 3. d3 Nc6 4. g3 g6 5. Bg2 Bg7 6. c3 Bb7 7. 0-0 d6 8. Re1 Nf6 9. Nbd2 0-0 10. d4 cxd4 11. Nxd4 Ne5 12. Nf1 Rc8 13. f4 Nc6 14. e5 dxe5 15. fxe5 Nd5 16. e6 Nxd4 17. exf7+ Rxf7 18. cxd4 Qd7 19. Ne3 Nxe3 20. Bxe3 Bxg2 21. Kxg2 Qd5+ 22. Kg1 Rf3 23. Qb3 Qxb3 24. axb3 Rxe3 25. Rxe3 Bxd4 26. Kf2 Rc2+ 27. Kf3 Bxe3 28. Kxe3 Rxb2 29. Rxa7 Rxb3+ 30. Kf4 Kf7 31. Kg5 Rb5+ 32. Kf4 h6 33. Rb7 Rb1 34. Ke5 b5 35. Kd5 b4 36. Kc6 b3 0-1

[Event "Sao Jose de Rio Preto 160 Anos"]
[Site "Sao Jose do Rio Preto"]
[Date "2012.03.25"]
[Round "6"]
[White "Camargo, Peter Jackson Mille"]
[Black "Goncalves, Jorge Roberto"]
[Result "1-0"]
[WhiteElo "1838"]
[BlackElo "2070"]
[PlyCount "67"]
[EventDate "2012.03.23"]
[EventType "swiss"]
[EventRounds "6"]
[EventCountry "BRA"]
[SourceTitle "CBM 147 Extra"]
[Source "ChessBase"]
[SourceDate "2012.04.24"]
[SourceVersion "1"]
[SourceVersionDate "2012.04.24"]
[SourceQuality "1"]

1. d4 Nf6 2. Nf3 d6 3. c4 g6 4. Nc3 Bg7 5. Bg5 0-0 6. Qd2 c6 7. e4 Qa5 8. a3 Bg4 9. b4 Qc7 10. Be2 Bxf3 11. Bxf3 c5 12. Bxf6 Bxf6 13. Nd5 Qd8 14. Nxf6+ exf6 15. bxc5 dxc5 16. d5 Nd7 17. 0-0 Ne5 18. Be2 g5 19. f4 Ng6 20. g3 gxf4 21. gxf4 Kh8 22. Bh5 Rg8 23. Kh1 Qe7 24. Rae1 Rad8 25. Qc3 Rg7 26. e5 fxe5 27. fxe5 Qh4 28. Bxg6 hxg6 29. e6 fxe6 30. Rf7 Qxe1+ 31. Qxe1 Rxf7 32. Qh4+ Kg7 33. Qxd8 exd5 34. cxd5 1-0